Cost of moving rises faster than house prices over the past decade (Record no. 83740)

MARC details
000 -LEADER
fixed length control field 00860cad a22002055a 4500
001 - CONTROL NUMBER
control field L154895
008 - FIXED-LENGTH DATA ELEMENTS--GENERAL INFORMATION
fixed length control field 120130e20120127xxk 000 0 eng d
035 ## - SYSTEM CONTROL NUMBER
System control number (Sirsi) u154895
041 0# - LANGUAGE CODE
Language code of text/sound track or separate title eng
110 2# - MAIN ENTRY--CORPORATE NAME
Corporate name or jurisdiction name as entry element Lloyds TSB
9 (RLIN) 4126
245 00 - TITLE STATEMENT
Title Cost of moving rises faster than house prices over the past decade
Medium [electronic resource]
260 ## - PUBLICATION, DISTRIBUTION, ETC.
Date of publication, distribution, etc. 2012
490 ## - SERIES STATEMENT
Series statement Lloyds TSB Press Release
Volume/sequential designation 27 January 2012
520 ## - SUMMARY, ETC.
Summary, etc. Moving home costs have increased at a faster rate than house prices since 2001. The average cost of moving is approximately £9 000 with the largest proportion being estate agency fees.
590 ## - LOCAL NOTE (RLIN)
Local note KA
651 #4 - SUBJECT ADDED ENTRY--GEOGRAPHIC NAME
Geographic name United Kingdom
Chronological subdivision
690 ## - LOCAL SUBJECT ADDED ENTRY--TOPICAL TERM (OCLC, RLIN)
Topical term or geographic name as entry element Residential property
9 (RLIN) 6266
856 40 - ELECTRONIC LOCATION AND ACCESS
Uniform Resource Identifier <a href="https://www.lloydsbankinggroup.com/media/pdfs/LTSB/2012/2701_Cost.pdf">https://www.lloydsbankinggroup.com/media/pdfs/LTSB/2012/2701_Cost.pdf</a>
Public note View this item free of charge at www.lloydsbankinggroup.com
942 ## - ADDED ENTRY ELEMENTS (KOHA)
Suppress in OPAC 0
Holdings
Withdrawn status Lost status Source of classification or shelving scheme Damaged status Not for loan Home library Current library Shelving location Date acquired Total Checkouts Full call number Barcode Date last seen Copy number Price effective from Koha item type
    Dewey Decimal Classification     Virtual Virtual Online 30/01/2012   ONLINE PUBLICATION 154895-2001 06/08/2019 1 06/08/2019 Journal article